山陽本線の駅(サドンデス) - Statistics

General Stats
  • This quiz has been taken 616 times
  • The average score is 14 of 36
Answers on the Grid
Answers color-coded by a green-red scale on the quiz's grid according to % correct below.
神戸
岡山
広島
山口
新神戸
新岡山
新広島
新山口
新下関
新倉敷
新岩国
新尾道
姫路
小倉
福山
厚狭
三ノ宮
尼崎
豊岡
宝塚
加古川
高砂
相生
播州赤穂
津山
新見
総社
笠岡
尾道
廿日市
三原
下関
宇部
北伊丹
西明石
東須磨
東姫路
東岡山
西片上
東広島
東尾道
南山口
南小野田
西岩国
南岩国
宮内
塩屋
本郷
川倉
高島
由宇
金丸
大竹
吉永
庄内
富海
福崎
瀬戸
久米
飯岡
松岸
御着
粟津
浜野
大浦
広野
玖波
須波
柳原
池場
通津
播磨新宮
備前田井
備中箕島
備後赤坂
安芸中野
周防花岡
 
Answer Stats
Answer % Correct
広島
97%
岡山
96%
神戸
90%
新山口
73%
姫路
68%
新下関
64%
新倉敷
61%
福山
59%
厚狭
54%
加古川
40%
相生
40%
尾道
39%
三原
38%
下関
38%
西明石
36%
廿日市
35%
笠岡
34%
宇部
31%
31%
東岡山
31%
大竹
28%
東姫路
27%
由宇
27%
瀬戸
27%
吉永
25%
南岩国
24%
御着
24%
玖波
23%
本郷
22%
塩屋
21%
東尾道
20%
安芸中野
20%
高島
19%
備後赤坂
18%
通津
17%
富海
15%
No matching quizzes found
Score Distribution
Percent of People with Each Score
Percentile by Number Answered
Your Score History
You have not taken this quiz